[Event "IMSA Blitz 2016"]
[Site "Huai'an CHN"]
[Date "2016.03.01"]
[Round "26.6"]
[White "Fressinet, Laurent"]
[Black "Mamedov, Rauf"]
[Result "0-1"]
[WhiteTitle "GM"]
[BlackTitle "GM"]
[WhiteElo "2700"]
[BlackElo "2650"]
[WhiteFideId "608742"]
[BlackFideId "13401653"]
[EventDate "2016.02.28"]

1. e4 g6 2. d4 Bg7 3. Nc3 a6 4. Be3 d6 5. Qd2 b5 6. h4 h5 7. Nh3 Bb7 8. Ng5 Nd7
9. f3 Ngf6 10. O-O-O Nb6 11. Bd3 e6 12. Kb1 Qe7 13. Ne2 O-O-O 14. Qa5 Nfd7 15.
b3 Nb8 16. Rc1 Nc6 17. Qd2 f6 18. Nh3 d5 19. Nhf4 dxe4 20. Bxe4 Rhg8 21. Qc3 Qd7
22. Rhd1 Ne7 23. Qd3 Nbd5 24. Bd2 f5 25. Bxd5 exd5 26. Bb4 Nc6 27. Bc5 Bf6 28.
g3 Kb8 29. Nc3 Qf7 30. a4 b4 31. Na2 Be7 32. Bxe7 Qxe7 33. Re1 Qf6 34. Rcd1 Rd6
35. Re3 g5 36. hxg5 Qxg5 37. Ne2 h4 38. gxh4 Qxh4 39. Qxf5 Qf2 40. Qd3 Rdd8 41.
Nf4 Bc8 42. Re2 Qh4 43. Ne6 Rde8 44. Nc5 Ka7 45. Rxe8 Rxe8 46. Qd2 a5 47. Qd3
Qf6 48. Qb5 Re3 49. Nc1 Rc3 50. Rd2 Rxf3 51. N1d3 Rf1+ 52. Ka2 Qxd4 53. Nb2 Qg1
54. Rd1 Rxd1 55. Nxd1 Qxd1 56. Qxc6 Qxc2+ 57. Ka1 Qc1+ 58. Ka2 Qd2+ 59. Ka1 Qe1+
60. Ka2 Qf2+ 61. Ka1 Qg1+ 62. Ka2 Qh2+ 63. Ka1 Qe5+ 64. Ka2 d4 65. Qb5 Qh2+ 66.
Ka1 Qg1+ 67. Ka2 Qf2+ 68. Ka1 Qe1+ 69. Ka2 Qd2+ 70. Ka1 Qc1+ 71. Ka2 Qa3+ 72.
Kb1 Bf5+ 0-1

[Event "IMSA Blitz 2016"]
[Site "Huai'an CHN"]
[Date "2016.03.01"]
[Round "26.8"]
[White "Wojtaszek, Radoslaw"]
[Black "Movsesian, Sergei"]
[Result "0-1"]
[WhiteTitle "GM"]
[BlackTitle "GM"]
[WhiteElo "2727"]
[BlackElo "2653"]
[WhiteFideId "1118358"]
[BlackFideId "310204"]
[EventDate "2016.02.28"]

1. d4 Nf6 2. c4 d6 3. Nf3 Nbd7 4. Nc3 e5 5. e4 c6 6. Be2 g6 7. O-O Bg7 8. Re1
O-O 9. Bf1 h6 10. Rb1 Nh7 11. dxe5 dxe5 12. b4 a5 13. b5 Qe7 14. Na4 Rd8 15. Qb3
Nhf8 16. Ba3 Qf6 17. bxc6 bxc6 18. Nb6 Rb8 19. Nxd7 Nxd7 20. Qa4 Rxb1 21. Rxb1
Nf8 22. Qxa5 Ne6 23. Rb8 Kh7 24. Qa8 Nf4 25. Qa4 Nh3+ 26. gxh3 Qxf3 27. Qb3 Qxe4
28. Be7 Re8 29. Bc5 Qf5 30. a4 e4 31. Bd6 e3 32. fxe3 Qg5+ 33. Bg3 Rxe3 34. Qc2
Bd4 35. Kh1 Bf5 0-1

[Event "IMSA Blitz 2016"]
[Site "Huai'an CHN"]
[Date "2016.03.01"]
[Round "27.1"]
[White "Wojtaszek, Radoslaw"]
[Black "Li, Chao b"]
[Result "1-0"]
[WhiteTitle "GM"]
[BlackTitle "GM"]
[WhiteElo "2727"]
[BlackElo "2751"]
[WhiteFideId "1118358"]
[BlackFideId "8604436"]
[EventDate "2016.02.28"]

1. d4 Nf6 2. c4 c5 3. d5 e6 4. Nc3 exd5 5. cxd5 Bd6 6. g3 O-O 7. Bg2 Re8 8. Nf3
Bf8 9. O-O d6 10. Nd2 Nbd7 11. h3 a6 12. a4 Rb8 13. a5 b5 14. axb6 Rxb6 15. Nc4
Rb4 16. Na5 Bb7 17. Nc6 Bxc6 18. dxc6 Nb8 19. Bg5 Rd4 20. Qc2 d5 21. e3 Rc4 22.
Ra4 Rxc3 23. bxc3 Nxc6 24. Rxa6 Re6 25. Qa4 Ne5 26. Ra8 Qd6 27. Rd1 Ned7 28. Rd8
Nb6 29. Rxd6 Nxa4 30. Rd8 Nxc3 31. Ra1 h6 32. Bxf6 Rxf6 33. Raa8 Ne2+ 34. Kh2
Rxf2 35. Rxf8+ Kh7 36. Ra2 d4 37. exd4 cxd4 38. Rd8 f5 39. Rd2 h5 40. h4 f4 41.
gxf4 1-0

[Event "IMSA Blitz 2016"]
[Site "Huai'an CHN"]
[Date "2016.03.01"]
[Round "27.3"]
[White "Ponomariov, Ruslan"]
[Black "Fressinet, Laurent"]
[Result "1-0"]
[WhiteTitle "GM"]
[BlackTitle "GM"]
[WhiteElo "2712"]
[BlackElo "2700"]
[WhiteFideId "14103320"]
[BlackFideId "608742"]
[EventDate "2016.02.28"]

1. e4 d5 2. exd5 Qxd5 3. Nf3 Bg4 4. Be2 Nc6 5. O-O O-O-O 6. h3 Bh5 7. Nc3 Qd7 8.
b4 e6 9. b5 Bxf3 10. Bxf3 Nd4 11. Rb1 Nf6 12. d3 Kb8 13. a4 Rg8 14. Be3 Be7 15.
a5 g5 16. Re1 h5 17. Bxd4 Qxd4 18. Ne4 g4 19. Nxf6 Qxf6 20. hxg4 hxg4 21. Bxg4
Rd4 22. Bf3 Bd6 23. Re4 Rh8 24. Qe2 Rd5 25. g3 Rf5 26. Bg2 Bc5 27. Rf1 Rfh5 28.
Qf3 Qxf3 29. Bxf3 Rh3 30. Rg4 b6 31. a6 Kc8 32. Re1 Kd7 33. Kf1 Ke7 34. Bg2 R3h6
35. d4 Bd6 36. Rge4 Rh5 37. c4 Kf8 38. Ke2 Rf5 39. Rh1 Rxh1 40. Bxh1 Ke7 41. Rh4
Rg5 42. Bf3 e5 43. dxe5 Rxe5+ 44. Kf1 Bc5 45. Rf4 Re6 46. Bg4 Rf6 47. Bf5 Rd6
48. Rf3 Rd2 49. Be4 f6 50. Bd5 Bd4 51. Kg2 Kd6 52. g4 Kc5 53. Rf5 Be5 54. Kh3
Kd6 55. f4 Bd4 56. g5 fxg5 57. fxg5 Rf2 58. Bf3 Be5 59. Kg4 Rc2 60. Bd5 Rc1 61.
Rf8 Rg1+ 62. Kh5 Ke7 63. Rf7+ Kd6 64. Rf5 Rg3 65. Kg6 Bd4 66. Kf7 Be3 67. g6 Bd4
68. Rf6+ 1-0

[Event "IMSA Blitz 2016"]
[Site "Huai'an CHN"]
[Date "2016.03.01"]
[Round "28.5"]
[White "Sargissian, Gabriel"]
[Black "Mamedov, Rauf"]
[Result "1/2-1/2"]
[WhiteTitle "GM"]
[BlackTitle "GM"]
[WhiteElo "2702"]
[BlackElo "2650"]
[WhiteFideId "13300881"]
[BlackFideId "13401653"]
[EventDate "2016.02.28"]

1. d4 g6 2. Nf3 Bg7 3. g3 d6 4. Bg2 Nd7 5. c4 e5 6. Nc3 exd4 7. Nxd4 Ne7 8. O-O
O-O 9. e3 a6 10. b3 Rb8 11. Bb2 Ne5 12. f4 Ng4 13. Qd2 c5 14. Nf3 b5 15. cxb5
axb5 16. Rfe1 d5 17. Rad1 Nf6 18. Ne5 Be6 19. h3 Qc7 20. g4 b4 21. Na4 c4 22.
Bd4 c3 23. Qf2 Ne4 24. Bxe4 dxe4 25. Nc5 Nc6 26. Nxe6 fxe6 27. Nxc6 Qxc6 28.
Bxg7 Kxg7 29. Rd4 e5 30. Rc4 Qd5 31. Qh4 Rf7 32. Qg5 Ra8 33. f5 Ra6 34. Rf1 h6
35. Qh4 Qd2 36. Qg3 Raf6 37. Qxe5 Qxe3+ 38. Kg2 gxf5 39. Rxf5 Qd2+ 40. Kg3 Qd6
41. Qxd6 Rxd6 42. Re5 Rd3+ 43. Kh4 Rff3 44. g5 Rxh3+ 45. Kg4 Rdg3+ 46. Kf4 Rxg5
47. Rc7+ Kg6 48. Re6+ Kh5 49. Rcc6 Rh4+ 50. Ke3 Rg3+ 51. Kd4 e3+ 52. Kd3 e2+ 53.
Kxe2 Rh2+ 54. Kf1 Rxa2 55. Rxh6+ Kg5 56. Rhg6+ Kf4 57. Rcf6+ Ke5 58. Re6+ Kd5
59. Rd6+ Ke5 60. Rde6+ Kf4 61. Ref6+ Ke4 62. Rxg3 Ra1+ 63. Ke2 c2 64. Rc6 c1=Q
65. Rxc1 Rxc1 66. Rg4+ Kd5 67. Rxb4 Rh1 68. Kd2 Kc5 69. Rb8 Kc6 70. Kc3 Rh3+ 71.
Kb4 Kc7 72. Rg8 Kb7 1/2-1/2

[Event "IMSA Blitz 2016"]
[Site "Huai'an CHN"]
[Date "2016.03.01"]
[Round "28.7"]
[White "Fressinet, Laurent"]
[Black "Movsesian, Sergei"]
[Result "0-1"]
[WhiteTitle "GM"]
[BlackTitle "GM"]
[WhiteElo "2700"]
[BlackElo "2653"]
[WhiteFideId "608742"]
[BlackFideId "310204"]
[EventDate "2016.02.28"]

1. Nf3 d5 2. c4 c6 3. g3 Nf6 4. Bg2 Bg4 5. O-O e6 6. d3 Be7 7. Qb3 Qb6 8. Be3
Qxb3 9. axb3 a6 10. Nc3 Nbd7 11. h3 Bh5 12. g4 Bg6 13. Nh4 O-O 14. f4 Ne8 15.
Bf2 f5 16. gxf5 Bxf5 17. Nxf5 Rxf5 18. e3 Nc5 19. Rad1 Nxb3 20. h4 Nc7 21. Bh3
Rf6 22. Ne2 Rh6 23. Bg3 Bxh4 24. Bh2 Rf8 25. f5 Bd8 26. Kg2 exf5 27. Bxf5 Nc5
28. Bc8 Rg6+ 29. Kh1 Rxf1+ 30. Rxf1 Nxd3 31. Bxb7 dxc4 32. Nd4 Nd5 33. Bg1 Ne5
34. e4 Ne7 35. Rd1 Rd6 36. Ra1 c5 0-1

[Event "IMSA Blitz 2016"]
[Site "Huai'an CHN"]
[Date "2016.03.01"]
[Round "29.2"]
[White "Wojtaszek, Radoslaw"]
[Black "Fressinet, Laurent"]
[Result "0-1"]
[WhiteTitle "GM"]
[BlackTitle "GM"]
[WhiteElo "2727"]
[BlackElo "2700"]
[WhiteFideId "1118358"]
[BlackFideId "608742"]
[EventDate "2016.02.28"]

1. Nf3 g6 2. c4 Bg7 3. d4 c5 4. e4 d6 5. Nc3 Qa5 6. d5 Bxc3+ 7. bxc3 Nf6 8. Qc2
Nxe4 9. Bd3 f5 10. O-O Nd7 11. Re1 Ndf6 12. Ng5 Bd7 13. f3 Nxg5 14. Bxg5 Kf7 15.
Re3 Rae8 16. Rae1 e5 17. dxe6+ Rxe6 18. Rxe6 Bxe6 19. Qd2 Re8 20. Bf1 Qc7 21.
Bh4 Bc8 22. Rd1 Re6 23. Bg3 Ne8 24. h4 Kg7 25. h5 Bd7 26. Bd3 Qd8 27. Qf4 Qf6
28. h6+ Kf7 29. Bc2 Qxc3 30. Bxf5 gxf5 31. Qxf5+ Qf6 32. Qxh7+ Kf8 33. Rd5 Re7
34. Qd3 Qxh6 35. Kf2 Qc1 36. Qd2 Qxd2+ 0-1

[Event "IMSA Blitz 2016"]
[Site "Huai'an CHN"]
[Date "2016.03.01"]
[Round "29.4"]
[White "Ponomariov, Ruslan"]
[Black "Sargissian, Gabriel"]
[Result "1-0"]
[WhiteTitle "GM"]
[BlackTitle "GM"]
[WhiteElo "2712"]
[BlackElo "2702"]
[WhiteFideId "14103320"]
[BlackFideId "13300881"]
[EventDate "2016.02.28"]

1. e4 e5 2. f4 exf4 3. Nf3 g5 4. Nc3 Bg7 5. d4 d6 6. g3 g4 7. Nh4 f3 8. Be3 Nc6
9. Qd2 Nge7 10. O-O-O h5 11. h3 gxh3 12. Nxf3 Bg4 13. Qf2 Qd7 14. Bb5 a6 15. Ba4
d5 16. exd5 Nxd5 17. Ne5 Bxe5 18. dxe5 Bxd1 19. Rxd1 O-O-O 20. Nxd5 Qe6 21. Bb3
Qg4 22. Qxf7 Rd7 23. Qf4 Na5 24. c4 Nxb3+ 25. axb3 Re8 26. Rh1 Red8 27. Qxg4
hxg4 28. e6 Rd6 29. e7 Re8 30. Bg5 Re6 31. Kd2 Re5 32. Bh4 Re4 33. Kd3 Re6 34.
Ne3 Rg6 35. Ke4 Rg7 36. Kf5 Reg8 37. Nd5 c6 38. Nf6 1-0

[Event "IMSA Blitz 2016"]
[Site "Huai'an CHN"]
[Date "2016.03.01"]
[Round "29.5"]
[White "Mamedov, Rauf"]
[Black "Navara, David"]
[Result "1-0"]
[WhiteTitle "GM"]
[BlackTitle "GM"]
[WhiteElo "2650"]
[BlackElo "2734"]
[WhiteFideId "13401653"]
[BlackFideId "309095"]
[EventDate "2016.02.28"]

1. e4 c6 2. Ne2 d5 3. e5 d4 4. c3 c5 5. b4 Qd5 6. f4 d3 7. Ng3 c4 8. Qf3 e6 9.
Na3 a6 10. Ne4 b5 11. g3 f5 12. exf6 Nxf6 13. Bg2 Nxe4 14. Qxe4 Bb7 15. Qxd5
Bxd5 16. Kf2 Nc6 17. Re1 Kd7 18. Nb1 a5 19. f5 Bxg2 20. fxe6+ Kc7 21. Kxg2 Be7
22. Bb2 Rhf8 23. a4 bxa4 24. b5 Rfb8 25. Rxa4 Rxb5 26. Ba3 Rab8 27. Bxe7 Rxb1
28. Rxb1 Rxb1 29. Rxc4 Re1 30. Bd8+ Kd6 31. e7 Kd5 32. Ra4 Kc5 33. Kf3 Kb5 34.
Re4 Rxe4 35. Kxe4 Nxe7 36. Bxe7 Kc4 1-0

[Event "IMSA Blitz 2016"]
[Site "Huai'an CHN"]
[Date "2016.03.01"]
[Round "30.1"]
[White "Li, Chao b"]
[Black "Tomashevsky, Evgeny"]
[Result "0-1"]
[WhiteTitle "GM"]
[BlackTitle "GM"]
[WhiteElo "2751"]
[BlackElo "2728"]
[WhiteFideId "8604436"]
[BlackFideId "4147235"]
[EventDate "2016.02.28"]

1. d4 Nf6 2. c4 e6 3. g3 Bb4+ 4. Bd2 Be7 5. Bg2 d5 6. Nf3 O-O 7. O-O Nbd7 8. Qc2
c6 9. Bg5 b6 10. Nbd2 h6 11. Bxf6 Nxf6 12. e4 Bb7 13. e5 Nd7 14. cxd5 cxd5 15.
Rfe1 b5 16. Bf1 Qb6 17. Bd3 Rfc8 18. Qb3 b4 19. Rad1 a5 20. Bb1 a4 21. Qd3 Nf8
22. h4 a3 23. b3 Rc3 24. Qf1 Rac8 25. g4 Ba6 26. Qg2 Bd3 27. h5 Bxb1 28. Nxb1
Rc2 29. g5 hxg5 30. Nxg5 Bxg5 31. Qxg5 Qd8 32. Qg4 Nh7 33. f4 Rxa2 34. Rd3 Rac2
35. Rg3 Qf8 36. f5 exf5 37. Qxf5 Rc1 38. Qf1 a2 39. Rxc1 Rxc1 40. Qxc1 a1=Q 41.
Rg4 Qa6 42. Qc2 Qfc8 43. Qg2 Qc1+ 44. Kh2 Qah6 45. Rh4 Qxb1 46. Qxd5 Qd2+ 0-1

[Event "IMSA Blitz 2016"]
[Site "Huai'an CHN"]
[Date "2016.03.01"]
[Round "30.6"]
[White "Sargissian, Gabriel"]
[Black "Movsesian, Sergei"]
[Result "1/2-1/2"]
[WhiteTitle "GM"]
[BlackTitle "GM"]
[WhiteElo "2702"]
[BlackElo "2653"]
[WhiteFideId "13300881"]
[BlackFideId "310204"]
[EventDate "2016.02.28"]

1. d4 d5 2. c4 c6 3. cxd5 cxd5 4. Nf3 Nc6 5. Nc3 Nf6 6. Bf4 Bf5 7. e3 e6 8. Bd3
Bxd3 9. Qxd3 Bd6 10. Bxd6 Qxd6 11. O-O O-O 12. Rfc1 Nd7 13. a3 Rfc8 14. Ne2 Ne7
15. Qb3 Qb6 16. Qxb6 Nxb6 17. Ne5 Rxc1+ 18. Rxc1 Rc8 19. Rxc8+ Nexc8 20. Nd3 Nd7
21. f3 Kf8 22. Kf2 Ke7 23. Nc3 Nb8 24. Ne5 Nd7 25. Nd3 Nb8 26. Ne5 Nd7 27. Nd3
Nb8 1/2-1/2